شخصية الرسول ودعوته في القران الكريم

Bibliographic Details
Main Author: هاشمي, محمد علي (Author)
Format: Book
Published: Bayrut `Alam al-Kutub 1983
Subjects:

MARC

LEADER 00000cam a2200000 7i4500
001 0000000759
008 021118s1983
090 0 0 |a BP75.2  |b .H3 1983 
100 0 |a هاشمي, محمد علي  |e author 
245 1 0 |a شخصية الرسول ودعوته في القران الكريم  |c محمد علي الهاشمي 
260 2 |a Bayrut  |b `Alam al-Kutub  |c 1983 
300 |a 180 p .  |c 24 cm 
600 0 0 |a Muhammad  |c Prophet  |d d. 632  |x Character 
745 0 0 |a Shakhsiyat al-Rasul wa daawatah fi al-Quran al-karim 
999 |a 1000015863  |b Book  |c OPEN SHELF (30 DAYS)  |e Gong Badak Campus 
999 |a 1000015864  |b Book  |c OPEN SHELF (30 DAYS)  |e Gong Badak Campus